| 000 | 01354nam a22002417a 4500 | ||
|---|---|---|---|
| 001 | EIF-VII-2009-M4-002 | ||
| 003 | OSt | ||
| 005 | 20221219115843.0 | ||
| 008 | 221219b |||||||| |||| 00| 0 eng d | ||
| 040 |
_aFundación Jesús Pereda _cFundación Jesús Pereda |
||
| 041 | _aCastellano | ||
| 100 |
_aÁlvarez Vega, Héctor _9508 |
||
| 111 |
_aEncuentro de Investigadores del Franquismo _c(Santiago de Compostela. _d2009. _n7º) _999 |
||
| 245 |
_aEl despertar de la oposición en la provincia de León: _f1962-1975 _c/Héctor Álvarez Vega, David Martínez Pérez y Tomás Sarmiento García |
||
| 520 | _aEsta comunicación recoge las ideas fundamentales de una investigación que obtuvo el IX Premio Mariano Rodríguez para jóvenes investigadores en las áreas de Ciencias Sociales y Humanidades. Dicho trabajo fue publicado por la Universidad de León con el título: El desarrollo de la oposición política a través de la problemática laboral leonesa: 1962-1975. | ||
| 650 | 0 |
_9110 _aOposición al franquismo |
|
| 651 | 0 |
_9184 _aLeón |
|
| 700 |
_aMartínez Pérez, David _9387 |
||
| 700 |
_aSarmiento García, Tomás _9509 |
||
| 773 |
_tActas del VII Encuentro de Investigadores del Franquismo _g203-213 p. |
||
| 856 | _uhttps://bibliotecaccoocyl.fundacionjesuspereda.es/cgi-bin/koha/opac-retrieve-file.pl?id=7422d6ee5121d55e81c9c332ccbc2635 | ||
| 942 |
_2ddc _cCF _n0 |
||
| 999 |
_c377 _d377 |
||